| 000 | 00454nab a2200145Ia 4500 | ||
|---|---|---|---|
| 003 | ES-SlBCS | ||
| 005 | 20210601124323.0 | ||
| 008 | 140529s1992 xxu||||| |||| 00| 0 eng d | ||
| 041 | _aeng | ||
| 100 | 1 |
_aSilin, Jonathan G. _9139697 |
|
| 245 | 0 | 0 |
_aWhat AIDS Teaches us About the Education of Children _c Jonathan G. Silin |
| 650 | 0 | 4 |
_aEducación-Sida _9139698 |
| 773 | 0 |
_tEducational Theory _gvol. 42, nº. 3, 1992, págs. 253-270 _wRev1399 |
|
| 942 | _cAR | ||
| 999 |
_c512905 _d512905 |
||